Ocean resources - the future (Record no. 34211)
[ view plain ]
| 000 -LEADER | |
|---|---|
| fixed length control field | 01002cab a2200217 4500 |
| 001 - CONTROL NUMBER | |
| control field | ABS45947 |
| 008 - FIXED-LENGTH DATA ELEMENTS--GENERAL INFORMATION | |
| fixed length control field | 090401t1992 xxu||||| |||| 00| 0 eng d |
| 035 ## - SYSTEM CONTROL NUMBER | |
| System control number | (Sirsi) u56022 |
| 041 ## - LANGUAGE CODE | |
| Language code of text/sound track or separate title | eng |
| 100 ## - MAIN ENTRY--PERSONAL NAME | |
| Personal name | Bennett, J.D. |
| 245 ## - TITLE STATEMENT | |
| Title | Ocean resources - the future |
| 260 ## - PUBLICATION, DISTRIBUTION, ETC. | |
| Date of publication, distribution, etc. | 1992 |
| 350 ## - PRICE (NR) (BK AM CF MU VM SE) [OBSOLETE] | |
| Price | 0 |
| 490 ## - SERIES STATEMENT | |
| Series statement | CS Monthly : Land and Hydrographic Survey |
| Volume/sequential designation | 1(6) March 1992, 1-3(3) |
| 520 ## - SUMMARY, ETC. | |
| Summary, etc. | Identifies the resource assessment capabilities of a British company, Worldwide Ocean Surveying Ltd, and its commitment to provide a high calibre research vessel. A degree of commitment to marine resource development from the UK Government by, for example, the declaration of an Exclusive Economic Zone (EEZ) around the UK and her dependencies, is highlighted as an issue requiring urgent attention if the UK is to remain in the forefront of this field. |
| 650 ## - SUBJECT ADDED ENTRY--TOPICAL TERM | |
| Topical term or geographic name entry element | EXCLUSIVE ECONOMIC ZONES |
| 650 ## - SUBJECT ADDED ENTRY--TOPICAL TERM | |
| Topical term or geographic name entry element | RESOURCE ASSESSMENT |
| 690 ## - LOCAL SUBJECT ADDED ENTRY--TOPICAL TERM (OCLC, RLIN) | |
| Topical term or geographic name as entry element | MARINE RESOURCES |
| 942 ## - ADDED ENTRY ELEMENTS (KOHA) | |
| Suppress in OPAC | 0 |
| 948 ## - LOCAL PROCESSING INFORMATION (OCLC); SERIES PART DESIGNATOR (RLIN) | |
| c (OCLC) | 04/03/1997 |
| Withdrawn status | Lost status | Source of classification or shelving scheme | Damaged status | Not for loan | Home library | Current library | Shelving location | Date acquired | Total Checkouts | Full call number | Barcode | Date last seen | Copy number | Price effective from | Koha item type |
|---|---|---|---|---|---|---|---|---|---|---|---|---|---|---|---|
| Dewey Decimal Classification | London | London | Journal article | 14/09/1999 | ABS45947 | 56022-1001 | 06/08/2019 | 1 | 06/08/2019 | Journal article |